00345nam a2200109Ia 450000100070000000500170000700800410002424500540006526000100011999900190012995200870014864748820250826153703.0250824s9999 xx 000 0 und d 0aRuby Rogers Yürüyen Bir EfsaneyimcSue Limb bALTIN c647488d647488 00104070a1007b1007d2025-08-24l0p100721r2025-08-26 15:37:03w2025-08-26yBK